| 000 | 00874nam a2200205 a 4500 | ||
|---|---|---|---|
| 001 | 000724796 | ||
| 003 | AM-YeHGA | ||
| 005 | 20250617143012.0 | ||
| 008 | 100330s1976 ru |||||r|||||000|0|rus|d | ||
| 040 | _aAM-YeHGA | ||
| 041 | 0 | _arus | |
| 100 | 1 | _aЛехно, Роберт Исаевич | |
| 245 | 1 | 0 |
_aГидростатический стерилизатор непрерывного действия А9-ФСА / _cР.И. Лехно. |
| 260 |
_aМосква : _bПищевая промышленность, _c1976. |
||
| 300 | _a36 с. | ||
| 440 | 0 | _aНовая техника в пищевой промышленности | |
| 650 | 1 | 4 | _aПищевая промышленность |
| 653 | 1 |
_aустройство гидростатического стерилизатора _aэлектрооборудование и автоматика |
|
| 090 | _c269438 | ||
| 999 |
_c267801 _d267801 |
||